Grabados y grabadores en la Nueva España /

Guardado en:
Detalles Bibliográficos
Autor principal: Romero de Terreros y Vinent, Manuel (autor)
Formato: Libro
Idioma:Español
Publicado: México : Arte Mexicano, 1948, c1948
Temas:
Etiquetas: Agrega una etiqueta
Sin etiquetas, Sé el primero en etiquetar este registro!

MARC

LEADER 00000nam^a2200000^a^4500
001 000184866
005 20250526000000.0
009 20260310102130.404
037 |a Acervo ITESO - Biblioteca 
041 |a ESP 
082 |a 769. 97203  |b ROM 
100 |a Romero de Terreros y Vinent, Manuel  |e (autor) 
245 1 0 |a Grabados y grabadores en la Nueva España /  |c M. Romero de Terreros y Vinent. 
264 4 |a México :  |b Arte Mexicano,  |c 1948, c1948 
300 |a XVI, 575 p. ;  |c 24.0 cm. 
336 |a texto  |b txt  |2 rdacontenido 
337 |a sin mediación  |b n  |2 rdamedio 
338 |a volumen  |b nc  |2 rdasoporte 
649 |a XX 
650 |a Grabadores Mexicanos 
650 |a Grabado -  |z México -  |x Historia y Crítica -  |x Tema Principal 
650 |a Imprenta -  |z México -  |x Historia 
650 |a Heráldica -  |z México 
650 |a Arte Religioso -  |x Historia y Crítica 
650 |a Arte Virreinal -  |x Historia y Crítica 
650 |a Arte Mexicano -  |x Historia y Crítica 
650 |a México -  |x Historia -  |y Virreinato, 1535-1821 
650 |a México -  |x Historia -  |y Epoca Colonial, 1517-1821 
910 |a Fondo Julio de la Peña Lomelín 
920 |a Impresos - Libros 
930 |a Libros Antiguos y Raros 
940 |a Arquitectos Jaliscienses 
905 |a 108 
901 |a 0500125795  |b IT2  |c LRA  |u 20250526 
902 |a https://opac.biblio.iteso.mx/vufind/Record/000184866